Understanding the evolving diversities and originalities in rural social movements in the age of Globalization. (Record no. 549288)

MARC details
000 -LEADER
fixed length control field 00779nam a2200229Ia 4500
003 - CONTROL NUMBER IDENTIFIER
control field OSt
005 - DATE AND TIME OF LATEST TRANSACTION
control field 20220925204401.0
008 - FIXED-LENGTH DATA ELEMENTS--GENERAL INFORMATION
fixed length control field 220923b |||||||| |||| 00| 0 eng d
037 ## - SOURCE OF ACQUISITION
Terms of availability General Book
040 ## - CATALOGING SOURCE
Original cataloging agency RTL
Transcribing agency RTL
Language of cataloging eng
041 ## - LANGUAGE CODE
Source of code eng
Language code of text/sound track or separate title eng
100 ## - MAIN ENTRY--PERSONAL NAME
Personal name WEBSTER Neil
9 (RLIN) 246438
245 #0 - TITLE STATEMENT
Title Understanding the evolving diversities and originalities in rural social movements in the age of Globalization.
260 ## - PUBLICATION, DISTRIBUTION, ETC.
Place of publication, distribution, etc. Geneva
Name of publisher, distributor, etc. United Nations Research Institute for social development.
Date of publication, distribution, etc. 2004
300 ## - PHYSICAL DESCRIPTION
Extent vi; 39p.
Dimensions cm.
490 ## - SERIES STATEMENT
Series statement Civil society and social movement programme paper no.7
942 ## - ADDED ENTRY ELEMENTS (KOHA)
Classification part Y31:582, P4/UN
Koha item type General Books
Source of classification or shelving scheme Colon Classification (CC)
Holdings
Withdrawn status Lost status Damaged status Not for loan Home library Current library Date acquired Total Checkouts Full call number Barcode Date last seen Price effective from Koha item type
        Ratan Tata Library Ratan Tata Library 2022-09-25   Y31:582 P4/UN RT1418407 2022-09-25 2022-09-25 General Books
Copyright @ Delhi University Library System